000
00268nam a2200109Ia 4500
008
190907s9999||||xx |||||||||||||| ||und||
100
_a
David Foulds
245
0
_a
Tales From The Arabian Nights
260
_a
Canada
_b
Tata McGraw Hill
_c
2005
300
_a
64
942
_c
BK
999
_c
6588
_d
6588